[Event "DVM U20"]
[Site "Berlin"]
[Date "1996.??.??"]
[Round "4"]
[White "Gustafsson, Jan"]
[Black "Ullrich, Farid Raoul"]
[Result "1-0"]
[WhiteElo "2340"]
[BlackElo "2165"]

1.d4 Nf6 2.c4 g6 3.Nc3 Bg7 4.e4 d6 5.Nf3 O-O 6.Be2 e5 7.O-O Nc6 8.dxe5 dxe5
9.Bg5 Qxd1 10.Rfxd1 Bg4 11.h3 Bxf3 12.Bxf3 Nd4 13.Nd5 Nxd5 14.cxd5 f6 15.Bd2 Rfd8
16.Rac1 Rac8 17.Be3 c5 18.dxc6 Rxc6 19.Kf1 a6 20.Rxc6 Nxc6 21.Rxd8+ Nxd8
22.Be2 Kf7 23.Bc4+ Ke8 24.Ke2 Bf8 25.Bd5 Bd6 26.a3 Nc6 27.Kd3 Kd7 28.h4 Bf8
29.g3 h6 30.f4 Kc7 31.Bf7 Ne7 32.Bd2 Kc6 33.Ke2 Bg7 34.Bb4 Kd7 35.Bc3 Kd6
36.Kd3 Kd7 37.Kc4 Kd6 38.fxe5+ fxe5 39.Bb4+ Kd7 40.Kc5 Nc6 41.Bd2 Kc7 42.Bxg6 b6+
43.Kc4 Kd6 44.Kd3 Nd4 45.Bf7 Nf3 46.Be3 Nd4 47.b4 Kc6 48.Be8+ Kd6 49.Ba4 Ke6
50.Bd1 Kd6 51.Bg4 Kc6 52.Bd2 Bf8 53.Bc8 a5 54.bxa5 bxa5 55.Bc1 Nb3 56.Bb2 Nc5+
57.Ke3 Na4 58.Bc1 Nc3 59.Kd3 Nb5 60.a4 Nd4 61.Ba6 h5 62.Bc4 Bb4 63.Bf7 Be1
64.Bxh5 Bxg3 65.Be8+ Kd6 66.h5 Ke7 67.Bg6 Ne6 68.Kc4 Nf4 69.Bd2 Kd6 70.Bxa5 Kc6
71.Bd8 Ne6 72.Bf6 Bf4 73.a5 Kb7 74.Kd5 Nc7+ 75.Kd6 Nb5+ 76.Ke6 Nd4+ 77.Kd5 Nc6
78.Bg7 Kc7 79.h6 Nb4+ 80.Ke6 Na6 81.h7 Nc5+ 82.Kd5  1-0

[Event "DVM U20"]
[Site "Berlin"]
[Date "1996.??.??"]
[Round "5"]
[White "Richter, Michael"]
[Black "Deglmann, Ludwig"]
[Result "1-0"]
[WhiteElo "2205"]
[BlackElo "2245"]

1.d4 Nf6 2.c4 d6 3.Nc3 g6 4.e4 Bg7 5.Nf3 O-O 6.Be2 e5 7.O-O Nc6 8.d5 Ne7
9.Ne1 Nd7 10.Be3 f5 11.f3 f4 12.Bf2 h5 13.Rc1 g5 14.Kh1 Ng6 15.c5 Nf6 16.cxd6 cxd6
17.Nb5 Rf7 18.Nxa7 g4 19.Nxc8 Rxc8 20.Bb6 Qf8 21.Rxc8 Qxc8 22.Qc2 Qd7 23.Nd3 h4
24.Rc1 Bf8 25.Qc8 Qa4 26.Qc4 Qd7 27.fxg4 h3 28.gxh3 Nh7 29.Qc8 Qa4 30.Qc4 Qd7
31.Nf2 f3 32.Bf1 Ng5 33.Qb5 Qe7 34.Rc7 Qf6 35.Rxf7 Qxf7 36.Be3 Bh6 37.Qc4 Qf8
38.Qc1 Nf7 39.g5 Bg7 40.a4 Qa8 41.Bb5 Nf4 42.h4 Qa5 43.Qd2 Qd8 44.a5 Ng6
45.Bf1 Nf4 46.b4 Bf6 47.Bxf4 exf4 48.gxf6 Qxf6 49.Nd3  1-0

[Event "Berliner Sommer"]
[Site "Berlin"]
[Date "1996.??.??"]
[Round "7"]
[White "Grigore, George"]
[Black "Istratescu, Andrei"]
[Result "1/2-1/2"]
[WhiteElo "2460"]
[BlackElo "2535"]

1.d4 Nf6 2.c4 g6 3.Nc3 Bg7 4.e4 O-O 5.Nf3 d6 6.Be2 e5 7.O-O Nc6 8.d5 Ne7
9.Ne1 Nd7 10.Be3 f5 11.f3 f4 12.Bf2 g5 13.Nb5  1/2-1/2

[Event "Biel op MTO"]
[Site "Biel"]
[Date "1996.??.??"]
[Round "5"]
[White "Epishin, Vladimir"]
[Black "Pikula, Dejan"]
[Result "0-1"]
[WhiteElo "2620"]
[BlackElo "2495"]

1.d4 Nf6 2.c4 g6 3.Nc3 Bg7 4.e4 d6 5.Nf3 O-O 6.Be2 e5 7.O-O Nc6 8.d5 Ne7
9.b4 Nh5 10.Re1 Nf4 11.Bf1 a5 12.bxa5 Rxa5 13.Nd2 c5 14.a4 h6 15.Nb3 Ra6
16.a5 b6 17.Nb5 f5 18.g3 Nh5 19.Bd2 fxe4 20.axb6 Rxa1 21.Qxa1 Nf5 22.Bg2 Nf4
23.Rxe4 Nxg2 24.Kxg2 Qf6 25.f4 g5 26.Kh1 gxf4 27.gxf4 Qg6 28.Na7 Nh4 29.Re2 Bg4  0-1

[Event "SLO-chT"]
[Site "Bled"]
[Date "1996.??.??"]
[Round "2"]
[White "Kozul, Zdenko"]
[Black "Cvitan, Ognjen"]
[Result "1/2-1/2"]
[WhiteElo "2605"]
[BlackElo "2535"]

1.d4 Nf6 2.c4 g6 3.Nc3 Bg7 4.e4 d6 5.Nf3 O-O 6.Be2 e5 7.O-O Nc6 8.d5 Ne7
9.Ne1 Nd7 10.Be3 f5 11.f3 f4 12.Bf2 g5 13.a4 Ng6 14.a5 Kh8 15.Nd3 Nf6 16.c5 Rg8
17.cxd6 cxd6 18.Be1  1/2-1/2

[Event "SLO-chT"]
[Site "Bled"]
[Date "1996.??.??"]
[Round "3"]
[White "Orel, Simona"]
[Black "Mihevc, Narcisa"]
[Result "0-1"]
[WhiteElo "2040"]
[BlackElo "2235"]

1.d4 Nf6 2.c4 g6 3.Nc3 Bg7 4.e4 d6 5.Nf3 O-O 6.Be2 e5 7.O-O Nc6 8.d5 Ne7
9.Nd2 Nd7 10.a3 a5 11.Rb1 f5 12.f3 Bh6 13.b4 axb4 14.axb4 Be3+ 15.Kh1 Nf6
16.Nb3 Bxc1 17.Qxc1 f4 18.Ra1 Rxa1 19.Qxa1 Nh5 20.Qa8 Ng3+ 21.Kg1 Nxf1 22.Bxf1 g5
23.Na5 b6 24.Nc6 Nxc6 25.dxc6 g4 26.fxg4 f3 27.gxf3 Qg5 28.Nd5 Bxg4 29.h4 Qxh4
30.Qa2 Bxf3 31.Bg2 Bxg2 32.Qxg2+ Kh8 33.Nxc7 Qe1+ 34.Kh2 Rf2 35.Nd5 Rxg2+
36.Kxg2 Qxe4+ 37.Kg3 Qxc4 38.c7 h5  0-1

[Event "Bled op"]
[Site "Bled"]
[Date "1996.??.??"]
[Round "9"]
[White "Dizdar, Selim"]
[Black "Armanda, Ivica"]
[Result "1-0"]
[WhiteElo "2400"]
[BlackElo "2235"]

1.c4 Nf6 2.Nc3 g6 3.e4 d6 4.d4 Bg7 5.Nf3 O-O 6.Be2 e5 7.O-O Nc6 8.d5 Ne7
9.Nd2 Ne8 10.b4 f5 11.c5 Nf6 12.f3 f4 13.Nc4 Ne8 14.a4 g5 15.Ba3 h5 16.b5 b6
17.cxd6 cxd6 18.a5 Rf6 19.axb6 axb6 20.Na4 Rb8 21.Bb4 Bd7 22.Ncxb6 Rxb6 23.Ba5 Nc8
24.Qe1 g4 25.Nxb6 Nxb6 26.Qf2 Rg6 27.Bxb6 Qg5 28.fxg4 hxg4 29.g3 Nf6 30.Ra8+ Kh7
31.Bd8 Qh6 32.Bxf6 Rxf6 33.b6 fxg3 34.Qxg3 Qd2 35.Rxf6 Bxf6 36.Qf2 g3 37.hxg3 Qc1+
38.Bf1  1-0

[Event "Slovan op"]
[Site "Bratislava"]
[Date "1996.??.??"]
[Round "2"]
[White "Likavsky, Tomas"]
[Black "Vlcek, Stanislav"]
[Result "1-0"]
[WhiteElo "2110"]
[BlackElo "2295"]

1.d4 Nf6 2.c4 g6 3.Nc3 Bg7 4.e4 d6 5.Nf3 O-O 6.Be2 e5 7.O-O Nc6 8.d5 Ne7
9.Nd2 a5 10.a3 Nd7 11.Rb1 f5 12.f3 Kh8 13.b4 Ng8 14.Qc2 Ngf6 15.exf5 gxf5
16.Bd3 axb4 17.axb4 e4 18.fxe4 Ne5 19.exf5 Nfg4 20.Nb3 Nxd3 21.Qxd3 Ne5 22.Qe4 Qf6
23.Nd4 Nxc4 24.Nce2 Bd7 25.Ne6 Bxe6 26.dxe6 b5 27.Rb3 Ra1 28.Rbf3 Rxc1 29.Nxc1 Nd2
30.Qe2 Nxf1 31.Qxf1 c6 32.Qe2 Ra8 33.Nb3 Bf8 34.Rf1 Ra4 35.Na5 c5 36.Nc6  1-0

[Event "POL-ch (Women)"]
[Site "Brzeg Dolny"]
[Date "1996.??.??"]
[Round "11"]
[White "Zielinska, Marta"]
[Black "Blimke, Dalia"]
[Result "1-0"]
[WhiteElo "2250"]
[BlackElo "2150"]

1.d4 Nf6 2.Nf3 g6 3.c4 Bg7 4.Nc3 O-O 5.e4 d6 6.Be2 e5 7.O-O Nc6 8.d5 Ne7
9.Ne1 Ne8 10.f3 f5 11.g4 h6 12.h4 Nf6 13.Nd3 c6 14.Be3 cxd5 15.cxd5 Rf7 16.Rc1 Kh7
17.Kg2 Neg8 18.h5 Nxh5 19.gxh5 f4 20.hxg6+ Kxg6 21.Bg1 Kh7 22.Rf2 Bf6 23.Kf1 Rg7
24.Rh2 Bh4 25.Bf2 Bxf2 26.Nxf2 Qg5 27.Rh1 Nf6 28.Nb5 Bd7 29.Nxd6 Rag8 30.Ke1 Qg3
31.Rc7 h5 32.Nc4 Rg5 33.Bf1 R8g7 34.Rxb7 a6 35.Nb6 Nxe4 36.fxe4 Qe3+ 37.Qe2 Qc1+
38.Nd1 Bb5 39.Rxh5+ Kg8 40.Rxg5 Rxg5 41.Qh2 Bd7  1-0

[Event "POL-ch (Women)"]
[Site "Brzeg Dolny"]
[Date "1996.??.??"]
[Round "13"]
[White "Radziewicz, Iweta"]
[Black "Blimke, Dalia"]
[Result "1/2-1/2"]
[WhiteElo "2240"]
[BlackElo "2150"]

1.d4 Nf6 2.c4 g6 3.Nc3 Bg7 4.Nf3 O-O 5.e4 d6 6.Be2 e5 7.O-O Nc6 8.d5 Ne7
9.b4 a5 10.bxa5 c5 11.Rb1 Rxa5 12.Rb3 Ne8 13.a4 h6 14.Ne1 f5 15.f4 exf4 16.Bxf4 g5
17.Bd2 f4 18.Bg4 Ng6 19.Nd3 Nf6 20.Bf5 Qe8 21.Nb5 Rxb5 22.axb5 Nxe4 23.Bxc8 Qxc8
24.Be1 g4 25.Nf2 Nxf2 26.Bxf2 Ne5 27.Qc2 Qd8 28.Qe4 Qg5 29.Be1 h5 30.Bd2 Nf3+
31.Rbxf3 gxf3 32.Qe6+ Kh8 33.Rxf3 Ra8 34.h4 Qg4 35.Qxg4 hxg4 36.Rxf4 Bd4+
37.Kf1 g3 38.Rf7 Ra1+ 39.Ke2 Rg1 40.Be3 Rxg2+ 41.Kf3 Rc2 42.Bxd4+ cxd4 43.Kxg3 Rxc4
44.Rxb7 d3 45.Kf2 Re4 46.Ra7 d2 47.Ra1 Rxh4 48.Ke2 Rb4 49.Ra8+ Kg7 50.Rb8 Rb2
51.b6 Kf7 52.b7 Kg7 53.Kd1 Kh7 54.Rd8 Rxb7 55.Rxd6 Rb2 56.Re6 Kg7 57.d6 Kf7
58.Re7+ Kf6 59.Re3 Rb7 60.Kxd2  1/2-1/2

[Event "Budapest FS03 GM"]
[Site "Budapest"]
[Date "1996.??.??"]
[Round "1"]
[White "Gyimesi, Zoltan"]
[Black "Videki, Sandor"]
[Result "0-1"]
[WhiteElo "2545"]
[BlackElo "2460"]

1.d4 Nf6 2.c4 g6 3.Nc3 Bg7 4.e4 d6 5.Be2 O-O 6.Nf3 e5 7.O-O Nc6 8.d5 Ne7
9.Ne1 Nd7 10.Nd3 f5 11.Bd2 Nf6 12.f3 f4 13.g4 g5 14.Be1 h5 15.h3 Ng6 16.c5 Rf7
17.b4 Bf8 18.Bf2 Be7 19.Kg2 Rh7 20.Rh1 Nh4+ 21.Bxh4 gxh4 22.b5 Rg7 23.c6 bxc6
24.bxc6 Nh7 25.Rb1 Qf8 26.Nf2 Ng5 27.Rh2 Rh7 28.Kh1 hxg4 29.hxg4 h3 30.Bf1 Nf7
31.Nxh3 Bh4 32.Rhb2 Bg3 33.Kg1 Ba6 34.Bxa6 Rxh3 35.Bf1 Rh4 36.Bg2 Qh6 37.Kf1 Rh2
38.Qa4 Ng5 39.Nd1 Rxg2  0-1

[Event "EUCup f"]
[Site "Budapest"]
[Date "1996.??.??"]
[Round "1"]
[White "Ionov, Sergey"]
[Black "Cvitan, Ognjen"]
[Result "1-0"]
[WhiteElo "2490"]
[BlackElo "2535"]

1.d4 Nf6 2.c4 g6 3.Nc3 Bg7 4.e4 d6 5.Be2 O-O 6.Nf3 e5 7.O-O Nc6 8.d5 Ne7
9.b4 Nh5 10.Re1 f5 11.Ng5 Nf6 12.Bf3 c6 13.Bb2 h6 14.Ne6 Bxe6 15.dxe6 fxe4
16.Nxe4 Nxe4 17.Bxe4 Nf5 18.b5 Qe8 19.Re2 Rc8 20.Qa4 Qxe6 21.bxc6 bxc6 22.Bxc6 Kh7
23.Bd5 Qe7 24.Rd1 Rb8 25.Qa3 Rb6 26.Qd3 Qc7 27.Bc3 Qc5 28.g3 Ne7 29.Qe4 Nxd5
30.Rxd5 Qa3 31.Rc2 Qa4 32.Ra5 Qd7 33.Kg2 h5 34.Bd2 Bh6 35.Bxh6 Kxh6 36.c5 dxc5
37.Raxc5 Qf5 38.Qe3+ Kh7 39.Rc7+ Kg8 40.Rd2 Rbf6 41.h4 a6 42.Qa7 R8f7 43.Rxf7 Rxf7
44.Qxa6 Qe4+ 45.Kh2 Kg7 46.Qb6 Qe1 47.Rc2 Qe4 48.Rc7 Rxc7 49.Qxc7+ Kh6 50.Qb8 Kh7
51.Qa7+ Kg8 52.a4 g5 53.Qe3  1-0

[Event "Budapest FS02 IM"]
[Site "Budapest"]
[Date "1996.??.??"]
[Round "3"]
[White "Czebe, Attila"]
[Black "Gnichtel, Gerd"]
[Result "1-0"]
[WhiteElo "2325"]
[BlackElo "2165"]

1.d4 Nf6 2.c4 g6 3.Nc3 Bg7 4.e4 d6 5.Nf3 O-O 6.Be2 e5 7.O-O Nc6 8.d5 Ne7
9.Ne1 Nd7 10.Be3 f5 11.f3 f4 12.Bf2 g5 13.Nb5 b6 14.b4 Nf6 15.c5 Ng6 16.cxd6 cxd6
17.Rc1 Rf7 18.Rc6 Ne8 19.Nd3 h5 20.Nb2 Bf8 21.a4 Rg7 22.Nc4 g4 23.fxg4 Qg5
24.h3 Nf6 25.Nbxd6 hxg4 26.Nxc8 gxh3 27.g4 fxg3 28.Be3 h2+ 29.Kg2 Nf4+ 30.Bxf4 exf4
31.d6 Rh7 32.Bf3 Qh4 33.Kh1 Qh3 34.e5 Ng4 35.Bg2 Qh5 36.Qd5+ Kh8 37.d7 Nf2+
38.Rxf2 gxf2  1-0

[Event "Budapest FS07 GM"]
[Site "Budapest"]
[Date "1996.??.??"]
[Round "3"]
[White "Lukacs, Peter"]
[Black "Kahn, Evarth"]
[Result "1-0"]
[WhiteElo "2475"]
[BlackElo "2380"]

1.d4 Nf6 2.c4 g6 3.Nc3 Bg7 4.e4 O-O 5.Nf3 d6 6.Be2 e5 7.O-O Nc6 8.d5 Ne7
9.Bg5 h6 10.Bxf6 Bxf6 11.b4 Bg7 12.c5 f5 13.Bd3 g5 14.Nd2 c6 15.Qb3 Kh8 16.cxd6 Qxd6
17.Nc4 Qf6 18.d6 Ng6 19.exf5 Nf4 20.Be4 Bxf5 21.Qc2 Be6 22.Na5 Bd5 23.Nxb7 Rab8
24.Nc5 Qxd6 25.a3 a5 26.Rab1 axb4 27.axb4 Rf7 28.Rfd1 Rbf8 29.Rd2 Bxe4 30.N3xe4 Qg6
31.Qd1 Ra7 32.Rd6 Qf5 33.Rxc6 Ra2 34.Rd6 Ne2+ 35.Kh1 Nd4 36.h3 Qf7 37.b5 Nf5
38.Rd7 Qc4 39.Qd3 Qxd3 40.Rxd3 Nd4 41.b6  1-0

[Event "Budapest FS02 GM"]
[Site "Budapest"]
[Date "1996.??.??"]
[Round "4"]
[White "Lukacs, Peter"]
[Black "Shinkevich, Vitaly"]
[Result "1/2-1/2"]
[WhiteElo "2440"]
[BlackElo "2360"]

1.d4 Nf6 2.c4 g6 3.Nc3 Bg7 4.e4 d6 5.Nf3 O-O 6.Be2 e5 7.O-O Nc6 8.d5 Ne7
9.b4 Nh5 10.Re1 f5 11.Ng5 Nf6 12.f3 Ne8 13.c5 a5 14.cxd6 Qxd6 15.Nb5 Qb6+
16.Kh1 Nd6 17.bxa5 Rxa5 18.a4 Bf6 19.Qb3 f4 20.Ne6 Bxe6 21.dxe6 c6 22.Bd2 cxb5
23.Bxa5 Qxa5 24.Red1 Qb6 25.Bxb5 Kg7 26.Rac1  1/2-1/2

[Event "Budapest FS03 GM"]
[Site "Budapest"]
[Date "1996.??.??"]
[Round "6"]
[White "Lukacs, Peter"]
[Black "Hillarp Persson, Tiger"]
[Result "1-0"]
[WhiteElo "2440"]
[BlackElo "2410"]

1.d4 Nf6 2.c4 g6 3.Nc3 Bg7 4.e4 d6 5.Nf3 O-O 6.Be2 e5 7.O-O Nc6 8.d5 Ne7
9.b4 a5 10.bxa5 Rxa5 11.Nd2 c5 12.Nb3 Ra6 13.a4 Ne8 14.a5 Bd7 15.Na4 f5 16.f3 Nf6
17.Qc2 Kh8 18.Be3 f4 19.Bf2 g5 20.Naxc5 dxc5 21.Nxc5 Ng6 22.Nxb7 Qc8 23.Rfb1 g4
24.c5 Ra8 25.c6 g3 26.Bb6 Rg8 27.Rb2 Bh3 28.Nd6 Qf8 29.Bc5 gxh2+ 30.Kxh2 Bc8
31.Rb7 Bxb7 32.cxb7 Rb8 33.a6 Nd7 34.a7 Qf6 35.axb8=Q Nxb8 36.Nf5 Bf8 37.Bf2 Ne7
38.Nxe7 Bxe7 39.Bf1 Bd6 40.Rc1  1-0

[Event "Budapest FS07 IM"]
[Site "Budapest"]
[Date "1996.??.??"]
[Round "6"]
[White "Borbjerggaard, Lars"]
[Black "Pirisi, Gabor"]
[Result "1-0"]
[WhiteElo "2220"]
[BlackElo "2395"]

1.d4 Nf6 2.c4 g6 3.Nc3 Bg7 4.e4 O-O 5.Nf3 d6 6.Be2 e5 7.O-O Nc6 8.d5 Ne7
9.b4 Ne8 10.c5 c6 11.Be3 Kh8 12.cxd6 Qxd6 13.Bc5 Qd7 14.dxc6 Nxc6 15.Qxd7 Bxd7
16.Rfd1 Be6 17.Bxf8 Bxf8 18.b5 Nd4 19.Nxe5 Bb4 20.Rxd4 Bxc3 21.Rad1 Bxd4
22.Rxd4 Nf6 23.Bc4 Rc8 24.f3 Rc5 25.Nxf7+ Bxf7 26.Bxf7 Rxb5 27.Bb3 Kg7 28.f4 g5
29.e5 Ng4 30.g3 gxf4 31.gxf4 h5 32.Rd7+ Kf8 33.h3 Ne3 34.Kf2 Ke8 35.Rd3 Nf5
36.Ba4 a6 37.Bxb5+ axb5 38.Rd5 b4 39.Rb5 h4 40.Rxb7 Ne7 41.Kf3 Nd5 42.f5 Nc3
43.Rxb4 Nxa2 44.Rc4 Ke7 45.Ke4 Kd7 46.Kd5 Ke7 47.Rc7+ Kd8 48.Kd6 Nb4 49.Rb7 Na6
50.Rb6 Ke8 51.Rxa6 Kf8 52.Ra7 Ke8 53.Rb7 Kf8 54.Ke6 Kg8 55.Kf6 Kh8 56.Kg6  1-0

[Event "Budapest FS12 IM"]
[Site "Budapest"]
[Date "1996.??.??"]
[Round "7"]
[White "Fancsy, Imre"]
[Black "Czebe, Attila"]
[Result "1/2-1/2"]
[WhiteElo "2325"]
[BlackElo "2345"]

1.d4 Nf6 2.c4 g6 3.Nc3 Bg7 4.e4 d6 5.Be2 O-O 6.Nf3 e5 7.O-O Nc6 8.d5 Ne7
9.Ne1 Nd7 10.Be3 f5 11.f3 f4 12.Bf2 h5 13.Nb5 a6 14.Na7  1/2-1/2

[Event "Budapest FS09 GM"]
[Site "Budapest"]
[Date "1996.??.??"]
[Round "7"]
[White "Lukacs, Peter"]
[Black "Schebler, Gerhard"]
[Result "1/2-1/2"]
[WhiteElo "2475"]
[BlackElo "2425"]

1.d4 Nf6 2.c4 g6 3.Nc3 Bg7 4.e4 d6 5.Nf3 O-O 6.Be2 e5 7.O-O Nc6 8.d5 Ne7
9.Bg5 Nd7 10.Nd2 f5 11.f3 Nf6 12.b4 Nh5 13.c5 Nf4 14.Bh4 h6 15.Rc1 g5 16.Bf2 Neg6
17.cxd6 cxd6 18.Nb5 Nxe2+ 19.Qxe2 Nf4 20.Qc4 b6 21.Nc7 Rb8 22.Rfe1 g4 23.Ne6 Nxe6
24.dxe6 Qe7 25.exf5 Rxf5 26.Bh4 Qxe6 27.Qc7 Ra8 28.Qc6 Rb8 29.Qc7  1/2-1/2

[Event "Spring op"]
[Site "Budapest"]
[Date "1996.??.??"]
[Round "7"]
[White "Schubert, Gerhard"]
[Black "Watanabe, Akira"]
[Result "1/2-1/2"]
[WhiteElo "2115"]
[BlackElo "2255"]

1.Nf3 Nf6 2.d4 g6 3.c4 Bg7 4.Nc3 O-O 5.e4 d6 6.Be2 e5 7.O-O Nc6 8.d5 Ne7
9.Nd2 a5 10.Rb1 Nd7 11.a3 f5 12.b4 Kh8 13.Qc2 Ng8 14.Nb3 axb4 15.axb4 Ndf6
16.f3 Nh5 17.Be3 Nf4 18.c5 Nf6 19.b5 b6 20.c6 N6h5 21.Bc4 Bh6 22.Qd2 Bg5
23.Ra1 Rb8 24.Ra7 Bh4 25.Bf2 Bxf2+ 26.Qxf2 fxe4 27.Nxe4 Bh3 28.g3 Bxf1 29.Qxf1 Ra8
30.Rxa8 Qxa8 31.gxf4 Nxf4 32.Kf2 Qa2+ 33.Nbd2 Qb2 34.Qe1 Qd4+ 35.Qe3 Nh3+
36.Ke2 Ng1+ 37.Kf2 Nh3+ 38.Ke2 Ng1+  1/2-1/2

[Event "Budapest FS02 IM"]
[Site "Budapest"]
[Date "1996.??.??"]
[Round "8"]
[White "Gnichtel, Gerd"]
[Black "Kiss, Gedeon"]
[Result "1-0"]
[WhiteElo "2165"]
[BlackElo "2130"]

1.d4 Nf6 2.c4 g6 3.Nc3 Bg7 4.e4 d6 5.Be2 O-O 6.Nf3 e5 7.O-O Nc6 8.d5 Ne7
9.Ne1 Ne8 10.Nd3 f5 11.Bd2 Nf6 12.f3 f4 13.c5 h5 14.cxd6 cxd6 15.Nf2 g5 16.h3 Ng6
17.a4 Rf7 18.Nb5 Bf8 19.Qc2 a6 20.Na3 g4 21.fxg4 hxg4 22.hxg4 Rh7 23.Nc4 Ne8
24.Ra3 b5 25.axb5 f3 26.Bxf3 Qh4 27.Nh3 Bxg4 28.Be1 Qh5 29.Bxg4 Qxg4 30.Rg3 Qh5
31.Rf5 Qh6 32.Rxg6+ Qxg6 33.Rg5 Rg7 34.Rxg6 Rxg6 35.b6 Bh6 36.Qa4 Rg7 37.Qc6 Rb8
38.Bc3 Kh7 39.Nxe5 Be3+ 40.Kh1 dxe5 41.Bxe5 Rxb6 42.Qxe8 Rg8 43.Qf7+  1-0

[Event "Budapest FS03 GM"]
[Site "Budapest"]
[Date "1996.??.??"]
[Round "10"]
[White "Volzhin, Alexander"]
[Black "Hillarp Persson, Tiger"]
[Result "1-0"]
[WhiteElo "2485"]
[BlackElo "2410"]

1.d4 g6 2.c4 Bg7 3.e4 d6 4.Nc3 Nf6 5.Nf3 O-O 6.Be2 e5 7.O-O Nc6 8.d5 Ne7
9.Nd2 a5 10.a3 Bd7 11.b3 c6 12.Rb1 b5 13.dxc6 b4 14.axb4 axb4 15.Nd5 Nxc6
16.Nxf6+ Bxf6 17.Nf3 Bg4 18.Ne1 Bxe2 19.Qxe2 Nd4 20.Qd3 Qb8 21.Be3 Ne6 22.Nc2 Bg5
23.Bxg5 Nxg5 24.Ne3 Ne6 25.Nd5 Nc5 26.Qe3 f5 27.exf5 gxf5 28.f4 e4 29.Ne7+ Kg7
30.Qd4+ Kh6 31.Qd5 Qa7 32.Nxf5+ Kg6 33.Nxd6  1-0

[Event "Budapest FS04 IM"]
[Site "Budapest"]
[Date "1996.??.??"]
[Round "10"]
[White "Schlusnik, Nandor"]
[Black "Kahn, Evarth"]
[Result "0-1"]
[WhiteElo "2225"]
[BlackElo "2315"]

1.d4 Nf6 2.c4 g6 3.Nf3 Bg7 4.Nc3 O-O 5.e4 d6 6.Be2 e5 7.O-O Nc6 8.d5 Ne7
9.Nd2 a5 10.a3 Kh8 11.Rb1 Nd7 12.b4 f5 13.Qc2 Nf6 14.f3 Nh5 15.c5 axb4 16.axb4 Ng8
17.Bd3 Nf4 18.Nc4 Nf6 19.b5 dxc5 20.b6 c6 21.Bxf4 exf4 22.dxc6 Be6 23.Ne2 fxe4
24.cxb7 exd3 25.bxa8=Q dxc2 26.Qxd8 Rxd8 27.Rbc1 Bxc4 28.Rxc2 Bxe2 29.Rxe2 Nd5
30.b7 Rb8 31.Kh1 Bd4  0-1

[Event "Budapest FS03 IM"]
[Site "Budapest"]
[Date "1996.??.??"]
[Round "10"]
[White "Molnar, Bela"]
[Black "Horvath, Gabor"]
[Result "1-0"]
[WhiteElo "2360"]
[BlackElo "2275"]

1.d4 Nf6 2.c4 g6 3.Nc3 Bg7 4.e4 d6 5.Nf3 O-O 6.Be2 e5 7.O-O Nc6 8.d5 Ne7
9.b4 Ne8 10.c5 f5 11.Ng5 fxe4 12.Bg4 Nf5 13.Ngxe4 h6 14.Be3 Qh4 15.h3 Nxe3
16.fxe3 Rxf1+ 17.Kxf1 a5 18.Bxc8 Rxc8 19.a3 Nf6 20.Qe1 Qh5 21.Kg1 Nxe4 22.Nxe4 Qf5
23.Qb1 h5 24.Qd3 g5 25.Qc4 Rf8 26.Rf1 Qg6 27.Rxf8+ Bxf8 28.bxa5 g4 29.hxg4 hxg4
30.c6 bxc6 31.dxc6+ Kh8 32.a6 Bh6 33.Qd3 d5 34.a7 Qxc6 35.Qc3 Bxe3+ 36.Qxe3 dxe4
37.Kf2 Qa6 38.Qc5 Qf6+ 39.Ke1 Qd8 40.Qxe5+ Kg8 41.Qxe4 c6 42.Qxg4+ Kf8  1-0

[Event "Budapest FS06 IM"]
[Site "Budapest"]
[Date "1996.??.??"]
[Round "11"]
[White "Czebe, Attila"]
[Black "Farago, Sandor"]
[Result "1/2-1/2"]
[WhiteElo "2325"]
[BlackElo "2365"]

1.d4 Nf6 2.c4 g6 3.Nc3 Bg7 4.e4 d6 5.Nf3 O-O 6.Be2 e5 7.O-O Nc6 8.d5 Ne7
9.Ne1 Ne8 10.Nd3 f5 11.f3 Kh8  1/2-1/2

[Event "Budapest FS03 IM"]
[Site "Budapest"]
[Date "1996.??.??"]
[Round "11"]
[White "Watanabe, Akira"]
[Black "Frolov, Denis"]
[Result "0-1"]
[WhiteElo "2255"]
[BlackElo "2340"]

1.d4 Nf6 2.c4 g6 3.Nc3 Bg7 4.e4 d6 5.Be2 O-O 6.Nf3 e5 7.O-O Nc6 8.d5 Ne7
9.b4 Nh5 10.Re1 a5 11.Ba3 Nf4 12.Bf1 f5 13.c5 fxe4 14.Nxe4 Bg4 15.bxa5 Nf5
16.Qb3 Bh6 17.a6 bxa6 18.cxd6 cxd6 19.Nxd6 Nxd6 20.Nxe5 Bc8 21.Nc6 Qf6 22.Ne7+ Kf7
23.Qb6 Rd8 24.Qxd8 Nh3+ 25.gxh3 Qg5+ 26.Kh1 Bg4 27.hxg4 Rxd8 28.Nc6 Re8 29.Bg2 Qf4
30.Rxe8 Nxe8 31.Re1 Bg5 32.d6 Nxd6 33.Ne5+ Kg7 34.Bxd6 Qd2 35.Nf3 Qxd6 36.Nxg5 Qd2
37.Nf3 Qxa2 38.Kg1 a5 39.Ng5 a4 40.Ne4 a3 41.g5 Qe6 42.Ra1 Qb3 43.h4 Qb2
44.Rd1 a2 45.Kh2 a1=Q 46.Rxa1 Qxa1 47.Kg3 Qe5+ 48.f4 Qd4 49.Nf2 Qe3+ 50.Bf3 Qe1
51.Kg2 h5 52.Kg3 Qg1+ 53.Bg2 Kf7 54.Kf3 Ke7 55.Kg3 Kd6 56.Nh3 Qe1+ 57.Nf2 Kc5  0-1

[Event "Budapest FS08 IM"]
[Site "Budapest"]
[Date "1996.??.??"]
[Round "11"]
[White "Vukovic, Ivo"]
[Black "Zimmerman, Yuri"]
[Result "0-1"]
[WhiteElo "2310"]
[BlackElo "2445"]

1.Nf3 Nf6 2.c4 g6 3.Nc3 Bg7 4.e4 d6 5.d4 O-O 6.Be2 e5 7.O-O Nc6 8.d5 Ne7
9.b4 Nh5 10.c5 h6 11.Ne1 Nf4 12.Bxf4 exf4 13.Rc1 g5 14.h3 Ng6 15.Bg4 Qe7
16.cxd6 cxd6 17.Nb5 Bxg4 18.Qxg4 a6 19.Rc7 Qd8 20.Rd7 Qb6 21.Nc7 Rac8 22.Ne6 Ne5
23.Qf5 Rfe8 24.Rxf7 Nxf7 25.Qg6 Rxe6 26.dxe6 Ne5 27.Qh5 Qd8 28.Nf3 Qe8 29.Qxe8+ Rxe8
30.Nd4 Nd3 31.Nf5 Rxe6 32.Rd1 Nxb4 33.Nxd6 b5 34.f3 Nxa2 35.Nf5 b4 36.Rd8+ Bf8
37.Rb8 Nc3 38.Nd4 Rd6 39.Nf5 Rf6 40.Nd4 Nb5 41.Nb3 Rc6 42.e5 Re6 43.Nc5 Rxe5
44.Nd3 b3  0-1

[Event "Budapest FS03 GM"]
[Site "Budapest"]
[Date "1996.??.??"]
[Round "12"]
[White "Gyimesi, Zoltan"]
[Black "Hillarp Persson, Tiger"]
[Result "1-0"]
[WhiteElo "2545"]
[BlackElo "2410"]

1.d4 g6 2.e4 Bg7 3.c4 d6 4.Nc3 Nf6 5.Be2 O-O 6.Nf3 e5 7.O-O Nc6 8.d5 Ne7
9.Ne1 Ne8 10.Nd3 f5 11.Bd2 Kh8 12.b4 f4 13.Bg4 Bxg4 14.Qxg4 Ng8 15.Kh1 Nef6
16.Qd1 h5 17.f3 Nh7 18.c5 Bf6 19.Rc1 Rf7 20.Ne2 Qf8 21.Rc4 Bd8 22.b5 g5 23.Bb4 Qh6
24.Qa4 Ngf6 25.cxd6 cxd6 26.Bxd6 Nxe4 27.Bxe5+ Nef6 28.Rfc1 Rf8 29.Rc8 Rxc8
30.Rxc8 Bb6 31.Qc4 h4 32.Bd6 Re8 33.Rxe8+ Nxe8 34.Be5+ Kg8 35.d6+ Kf8 36.d7 Nef6
37.Bd6+ Kg7 38.Ne5  1-0

[Event "Budapest FS02 GM"]
[Site "Budapest"]
[Date "1996.??.??"]
[Round "12"]
[White "Shariyazdanov, Andrey"]
[Black "Varga, Zoltan"]
[Result "1/2-1/2"]
[WhiteElo "2480"]
[BlackElo "2540"]

1.d4 Nf6 2.c4 g6 3.Nc3 Bg7 4.e4 O-O 5.Nf3 d6 6.Be2 Nc6 7.O-O e5 8.dxe5 Nxe5
9.Nxe5 dxe5 10.Be3 c6 11.Qxd8 Rxd8 12.Rfd1 Rxd1+ 13.Rxd1 Be6 14.f3  1/2-1/2

[Event "Buenos Aires op"]
[Site "Buenos Aires"]
[Date "1996.??.??"]
[Round "?"]
[White "Sorokin, Maxim"]
[Black "Valerga, Diego"]
[Result "1/2-1/2"]
[WhiteElo "2560"]
[BlackElo "2455"]

1.d4 Nf6 2.c4 g6 3.Nc3 Bg7 4.e4 d6 5.Nf3 O-O 6.Be2 e5 7.O-O Nc6 8.d5 Ne7
9.b4 a5 10.Ba3 axb4 11.Bxb4 Nd7 12.a4 Bh6 13.a5 f5 14.Nd2 Kh8 15.Bd3 Ng8
16.Nb3 Ndf6 17.exf5 gxf5 18.c5 Ne7 19.cxd6 cxd6 20.Nb5 Ra6 21.Nc3 Ra8 22.Nb5 Ra6
23.Nc3 Ra8 24.Nb5  1/2-1/2

[Event "Cairo op"]
[Site "Cairo"]
[Date "1996.??.??"]
[Round "4"]
[White "Fatehy, Alamir"]
[Black "Kaabi, Mejdi"]
[Result "1-0"]
[WhiteElo "2020"]
[BlackElo "2395"]

1.d4 g6 2.c4 Nf6 3.Nc3 Bg7 4.e4 d6 5.Nf3 O-O 6.Be2 e5 7.O-O Nc6 8.d5 Ne7
9.Nd2 a5 10.a3 Bd7 11.b3 c5 12.Rb1 Ne8 13.b4 axb4 14.axb4 b6 15.bxc5 dxc5
16.Qb3 Nc8 17.Bb2 Ned6 18.Bd3 f5 19.Ra1 Rb8 20.Rfe1 f4 21.f3 g5 22.Nb5 h5
23.Bf1 g4 24.Re2 Rf7 25.Na7 Nxa7 26.Rxa7 Be8 27.Rxf7 Nxf7 28.g3 Bh6 29.gxf4 Bxf4
30.fxg4 hxg4 31.Rg2 Bd7 32.Nf3 Kh7 33.Ne1 Qf6 34.Be2 Rg8 35.Kh1 Nh6 36.Nd3 Be3  1-0

[Event "Calcutta op"]
[Site "Calcutta"]
[Date "1996.??.??"]
[Round "1"]
[White "Gokhale, Jayant Suresh"]
[Black "Chanda, Sandipan"]
[Result "1/2-1/2"]
[WhiteElo "2375"]
[BlackElo "2130"]

1.d4 Nf6 2.c4 g6 3.Nc3 Bg7 4.e4 d6 5.Nf3 O-O 6.Be2 e5 7.O-O Nc6 8.d5 Ne7
9.Nd2 a5 10.a3 Nd7 11.Rb1 f5 12.b4 Kh8 13.Qc2 Nf6 14.f3 Neg8 15.c5 Nh5 16.Nc4 axb4
17.axb4 fxe4 18.fxe4 Rxf1+ 19.Bxf1 Bg4 20.Be3 Nf4 21.Qd2 g5 22.Nb5 Bd7 23.Na5 Nf6
24.Nc3 Bc8 25.cxd6 cxd6 26.Kh1 Qe8 27.Nc4 Bf8 28.Re1 Qh5 29.Bg1 Bg4 30.Nb5 Rd8
31.Qe3 Bd1 32.Qb6 Rd7 33.Nxe5 Re7 34.Qxd6 Ne8 35.Qb8 Bg7 36.Bd4 g4 37.d6 g3
38.h3 Bxe5 39.Bxe5+ Qxe5 40.Qd8 Rg7 41.d7 Bh5 42.Nd6 Rxd7 43.Qxd7 Qxd6 44.Qxd6 Nxd6
45.e5 Nf5 46.e6 Kg7  1/2-1/2

[Event "Calcutta op"]
[Site "Calcutta"]
[Date "1996.??.??"]
[Round "3"]
[White "Murugan, Krishnamoorthy"]
[Black "Dolmatov, Sergey"]
[Result "1/2-1/2"]
[WhiteElo "2410"]
[BlackElo "2610"]

1.d4 Nf6 2.Nf3 g6 3.c4 Bg7 4.Nc3 O-O 5.e4 d6 6.Be2 e5 7.O-O Nc6 8.Be3 Ng4
9.Bg5 f6 10.Bc1 Kh8 11.d5 Ne7 12.Ne1 f5 13.Bxg4 fxg4 14.Be3 Ng8 15.Qd2 Bd7
16.f3 Qe7 17.fxg4 Rxf1+ 18.Kxf1 Bxg4 19.Kg1 a6 20.Nd3 Rf8 21.Rf1 Rxf1+ 22.Kxf1 Bd7
23.Kg1 Nf6 24.Nf2 Qf8 25.Qc1 Nh5 26.Nd3 Nf6 27.Nf2 h6 28.Ne2 Kh7 29.c5 c6
30.dxc6 Bxc6 31.cxd6 Qxd6 32.Nc3 Bf8 33.a3 Nd7 34.Qd1 Qxd1+ 35.Ncxd1 Kg7
36.Kf1 Nf6 37.Nc3 b5 38.Bb6 Kf7 39.b4 Nd7 40.Bc7 h5 41.Ke2 Ke6 42.Nd3 Bh6
43.Kf3 Bd2 44.Nb1 Bg5 45.Nc3  1/2-1/2